000 01336namaa22003251i 4500
005 20260308115523.0
008 260202s1997 ua a|||fr|m|| 000 0 eng d
040 _aEG-GICUC
_beng
_cEG-GICUC
_dEG-GICUC
_erda
041 0 _aeng
_beng
_bara
049 _aDeposit
097 _aM.Sc
099 _aCai01.18.02.M.Sc.1997.Ya.F
100 0 _aYasser A .Lotfy,
_epreparation.
245 1 0 _aFuzzy logic based system for seismic prediction /
_cBy Yasser A .Lotfy; Supervised Prof.Dr. Ahmed Rafea, Prof.Dr. Nevin Darwish, Prof.Dr. Mohammad G. Al-Ibiary
246 1 5 _aنظام يعتمد على المنطق الفازى للتبؤ بالزلازل
264 0 _c1997.
300 _a136 Leaves :
_billustrations ;
_c30 cm. +
336 _2rda content
_atext
337 _2rdamedia
_aUnmediated
338 _2rdacarrier
_avolume
502 _aThesis (M.Sc.)-Cairo University, 1997
504 _aBibliography: pages 128 : 136
653 0 _aseismic prediction
_alogic based system
700 0 _aAhmed Rafea
_ethesis advisor.
700 0 _aNevin Darwish
_ethesis advisor.
700 0 _aMohammad G. Al-Ibiary
_ethesis advisor.
900 _DDepartment of Computer and information
_FFaculty of Sciences
_UCairo University
_b1997
_cAhmed Rafea
_cNevin Darwish
_cMohammad G. Al-Ibiary
905 _aNagat
_eNourhan
942 _2ddc
_cTH
_e21
_n0
999 _c178117